| 000 | 01390nam a2200373 i 4500 | ||
|---|---|---|---|
| 003 | CO-BoRNBP | ||
| 005 | 20230508141136.0 | ||
| 007 | ta | ||
| 008 | 211102s2021 ck a ||jr ||| 00| j spa d | ||
| 020 | _a9789589954980 | ||
| 040 |
_aCO-BoRNBP _bspa _erda _cCO-BoRNBP |
||
| 041 | 0 | _aspa | |
| 043 | _0e-sp--- | ||
| 084 | _aC ROM21 | ||
| 100 | 1 |
_aRomero Miralles, Cristina _d1977- _eautora _91795 |
|
| 245 | 1 | 3 |
_aEl libro rojo de las niñas _ctexto Cristina Romero ; ilustraciones Francis Marín |
| 250 | _aEdición especial | ||
| 264 | 1 |
_aBogotá, Colombia _bEdiciones Gaviota _bEditorial Ob Stare _c2021 |
|
| 300 |
_a50 páginas _bilustraciones a color _c20 cm |
||
| 336 |
_atexto _btxt _2rdacontent |
||
| 337 |
_asin mediación _bn _2rdamedia |
||
| 338 |
_avolumen _bnc _2rdacarrier |
||
| 490 | 0 | _aPlan Nacional de Lectura y Escritura Leer es mi Cuento / Ministerio de Cultura | |
| 490 | 0 | _aCuentos en tribu | |
| 521 | _aRecomendado para un público mayor de 12 años | ||
| 650 | 1 | 7 |
_aCuentos juveniles españoles _ySiglo XX _2LEMB _91796 |
| 650 | 1 | 7 |
_aLiteratura juvenil española _ySiglo XX _2LEMB _91641 |
| 650 | 1 | 7 |
_aAutores españoles _ySiglo XX _2LEMB _9846 |
| 650 | 1 | 7 |
_aMenstruación _vCuentos _2LEMB _91797 |
| 650 | 1 | 7 |
_aPubertad _vCuentos _2LEMB _91798 |
| 650 | 1 | 7 |
_aMujeres adolescentes _vCuentos _2LEMB _91799 |
| 700 | 1 |
_aMarín, Francisco José _eilustrador _91800 |
|
| 942 | _cBKLIT | ||
| 999 |
_c9487 _d9487 |
||